|
|
|
|
| LEADER |
01305nam a22002777a 4500 |
| 001 |
33959 |
| 003 |
BD-DhAAL |
| 005 |
20181114152912.0 |
| 008 |
181111t2016 bg ao 000 0dben d |
| 999 |
|
|
|c 40231
|d 40231
|
| 020 |
|
|
|a 9848914986
|
| 040 |
|
|
|a BD-DhAAL
|c BD-DhAAL
|
| 041 |
0 |
|
|a ben
|
| 082 |
0 |
4 |
|a 954.9205092
|2 22
|
| 100 |
|
|
|a জয়েনউদদীন, খালেক বিন
|9 28811
|
| 245 |
|
|
|a টুঙ্গিপাড়া ও বত্রিশ নম্বরের সেই মানুষটি /
|c খালেক বিন জয়েনউদদীন
|
| 246 |
|
|
|a Tongi para o batristi nambarer sei manusti
|
| 260 |
|
|
|a ঢাকা :
|b সিদ্দিকীয়া পাবলিকেশন্স,
|c ২০১৬
|
| 300 |
|
|
|a ১৮৪ পৃষ্ঠা :
|b চিত্র ;
|c ২২ সে.মি.
|
| 526 |
|
|
|a AAL
|
| 541 |
|
|
|a BoiBazar.com
|e 33959
|
| 600 |
0 |
0 |
|a Mujibur Rahman,
|c Sheikh,
|d 1920-1975
|x Political and social views
|x Biography
|9 14017
|
| 651 |
|
0 |
|a Bangladesh
|x Politics and government.
|9 14018
|
| 852 |
|
|
|a Ayesha Abed Library
|c Bangabandhu Corner
|
| 942 |
|
|
|2 ddc
|c BK
|
| 952 |
|
|
|0 0
|1 0
|2 ddc
|4 0
|6 954_920509200000000_ZAI
|7 0
|9 64610
|a BRACUL
|b BRACUL
|c BNC
|d 2018-11-01
|e BoiBazar.com
|g 284.00
|l 0
|o 954.9205092 ZAI
|p 3010033959
|r 2018-11-01
|t 1
|v 284.00
|w 2018-11-01
|y BK
|